| 000 | 00553nam a22001457a 4500 | ||
|---|---|---|---|
| 020 | _a978-1-846-07204-8 | ||
| 082 |
_a823 _bDIC/M |
||
| 100 | _aTERRANCE DICKS | ||
| 245 | _aMADE OF STEEL | ||
| 260 |
_aLONDON _bBBC BOOKS _c2007 |
||
| 300 | _a99 | ||
| 520 | _aThis thrilling adventure sees the Doctor pitted against one of his most famous adversaries - the deadly Cybermen. The first book to feature the Doctor's companion Martha Jones, it is sure to be snapped up by all fans of the show. | ||
| 650 |
_aDOCTOR WHO ADVENTURES _zUNITED KINGDOM |
||
| 942 | _cBK | ||
| 999 |
_c446 _d446 |
||